Sur la nature des matematiques
Αποθηκεύτηκε σε:
| Κύριος συγγραφέας: | |
|---|---|
| Μορφή: | Βιβλίο |
| Γλώσσα: | French |
| Δημοσίευση: |
Paris :
Gauthier-Villars,
1973
|
| Σειρά: | Collection Discours de la methode
|
| Θέματα: | |
| Ετικέτες: |
Προσθήκη ετικέτας
Δεν υπάρχουν, Καταχωρήστε ετικέτα πρώτοι!
|
MARC
| LEADER | 00000nam a2200000 i 4500 | ||
|---|---|---|---|
| 001 | 1/101596 | ||
| 008 | 081015s1973 fre d | ||
| 035 | |l 10103327 | ||
| 040 | |a GR-MY-UA |b gre |e aacr | ||
| 041 | 0 | |a fre | |
| 082 | 0 | |a 510.1 |2 (22) | |
| 100 | 1 | |a Bruter, Claude Paul. | |
| 245 | 1 | 0 | |a Sur la nature des matematiques / |c C. P. Bruter |
| 260 | |a Paris : |b Gauthier-Villars, |c 1973 | ||
| 300 | |a x, 132 σ.; |b εικ.; |c 21 εκ. | ||
| 490 | 1 | |a Collection Discours de la methode | |
| 504 | |a Βιβλιογραφία: σ. [131]-132 | ||
| 650 | 0 | 0 | |a Mathematics |x Philosophy. |
| 830 | 0 | |a Collection Discours de la methode | |
| 852 | |a INST |b SAMOS |c MAG |e 20090220 |h 510.1 BRU |p 005300029294 |q 005300029294 |t BK |y 0 | ||
| 852 | |a INST |b SAMOS |c MAG |e 20081015 |h 510.1 BRU |p 005300029926 |q 005300029926 |t BK |y 0 | ||
| 901 | |a BIBL3-2009-1 | ||
| 901 | |a BIBL3-2008-3 | ||
| 909 | |a Σ |b 155675 | ||
| 909 | |a Σ |b 134832 | ||
| 920 | |a ΜΑΓΕΙΡΑΣ |b ΠΑΝΑΓΙΩΤΗΣ |y ΣΑΜΟΣ |z 2008-09 | ||
| 970 | |a ΣΙΤΖΙΜΗ |b ΓΙΑΣΕΜΗ |z 2008/10/15 | ||